Multiscale coupling of sun-earth processes (Record no. 17177)

MARC details
000 -LEADER
fixed length control field 00647nam a2200217Ia 4500
003 - CONTROL NUMBER IDENTIFIER
control field IN-BaIIA
008 - FIXED-LENGTH DATA ELEMENTS--GENERAL INFORMATION
fixed length control field 211028s9999 xx 000 0 eng d
020 ## - INTERNATIONAL STANDARD BOOK NUMBER
International Standard Book Number 0-444-51881-9
040 ## - CATALOGING SOURCE
Transcribing agency IIA Library
080 ## - UNIVERSAL DECIMAL CLASSIFICATION NUMBER
Universal Decimal Classification number 523.7
Item number MUL
100 ## - MAIN ENTRY--PERSONAL NAME
Personal name Lui, A. T. Y
9 (RLIN) 32376
245 #0 - TITLE STATEMENT
Title Multiscale coupling of sun-earth processes
Statement of responsibility, etc. A T Y Lui, Y Kamide and G Consolini
260 ## - PUBLICATION, DISTRIBUTION, ETC.
Place of publication, distribution, etc. Amsterdam
Name of publisher, distributor, etc. Elsevier
Date of publication, distribution, etc. 2005
300 ## - PHYSICAL DESCRIPTION
Extent ix, 516p.
650 ## - SUBJECT ADDED ENTRY--TOPICAL TERM
Topical term or geographic name entry element Complexity
9 (RLIN) 32377
650 ## - SUBJECT ADDED ENTRY--TOPICAL TERM
Topical term or geographic name entry element Magnetospheric substorms
9 (RLIN) 9793
650 ## - SUBJECT ADDED ENTRY--TOPICAL TERM
Topical term or geographic name entry element Turbulence multiscale space missions
9 (RLIN) 32378
700 ## - ADDED ENTRY--PERSONAL NAME
Personal name Consolini, G.
9 (RLIN) 32379
700 ## - ADDED ENTRY--PERSONAL NAME
Personal name Kamide, Y.
9 (RLIN) 15319
942 ## - ADDED ENTRY ELEMENTS (KOHA)
Koha item type Books
Holdings
Withdrawn status Lost status Damaged status Not for loan Home library Current library Shelving location Date acquired Source of acquisition Cost, normal purchase price Total Checkouts Full call number Barcode Date last seen Cost, replacement price Price effective from Koha item type Purchase Price
        IIA Library-Bangalore IIA Library-Bangalore General Stacks 02/02/2009 ANJ 499.00   523.7/ MUL 18099 05/11/2021 499.00 02/02/2009 Books Rs. 499.00

Powered by Koha